Les Ardentes 2023 - La Line Up - Statistiques

Statistiques générales
  • Ce quiz a été pris 23 fois
  • Le résultat moyen est 33 sur 104
Statistiques - réponses
Indice Artiste % Correct
92i Veyron Booba
94%
Life Hamza
94%
Djadja Aya Nakamura
89%
HUMBLE. Kendrick Lamar
89%
Réseaux Niska
89%
HIGHEST IN THE ROOM Travis Scott
89%
Shavkat Freeze Corleone
83%
DIE Gazo
83%
Zoo Kaaris
78%
Champs-Élysées SCH
78%
Joli bébé (ft.Niska) Naza
72%
Taki Taki (ft.Selena Gomez, Ozuna & Cardi B) DJ Snake
67%
Chop - Nouvelle École Fresh
67%
Bolide allemand SDM
67%
Urus Favé
61%
Ailleurs Josman
61%
Doja Central Cee
56%
D BLOCK AFRIQUE (ft.Jolagreen23 & La Mano 1.9) Dinos
56%
Magnolia Playboi Carti
56%
Guerilla Soolking
56%
Laboratoire Werenoi
56%
RENCONTRE (ft.Damso) Disiz
50%
FUM22 NOCIVE Green Montana
50%
Peur (ft.Ziak) Kerchak
50%
J'fais mes affaires Djadja & Dinaz
44%
Mi Gente (ft.Willy William) J Balvin
44%
But en or (ft.ISHA) Limsa d'Aulnay
44%
Pour deux âmes solitaires Luidji
44%
VIN ITALIEN Yvnnis
44%
Freestyle 5min Zkr
44%
TOTALLY SPIES HOUDI
39%
Éternité (ft.Nekfeu) Jazzy Bazz
39%
Ingé son (ft.Alpha Wann & La Fève) Kekra
39%
Je vous déteste tous Lorenzo
39%
Ron Van Clief Osirus Jack
39%
LOVE DEATH ROBOT Rounhaa
39%
J'picole Sasso
39%
X3 (ft.Gazo) Ashe 22
33%
Zénith (ft.Booba) mademoiselle lou
33%
Boosk'Halloween menace Santana
33%
Ric Flair Drip (with Offset) Metro Boomin
33%
Nautilus (ft.Kaaris) Alkpote
28%
Californie Caballero & Jeanjass
28%
Think U The Shit (Fart) Ice Spice
28%
Siri 3 ICO
28%
Sosa Leto & Guy2Bezbar
28%
ALED Luther
28%
merci bonne journée (ft.H JeuneCrack) Mairo
28%
Pas ralentir Mig
28%
VENDREDI À LONDRES (ft. BU$HI) NeS
28%
soso Omah Lay
28%
Aulos Reloaded (with 6ix9ine) Vladimir Cauchemar
28%
Magenta Bekar
22%
Trucs sentimentaux (ft.Limsa d'Aulnay) BEN plg
22%
Obito BU$HI
22%
Position Franglish
22%
D&G Khali
22%
Triste mélancolie (ft.Josman) Lesram
22%
Poupée Russe Lujipeka
22%
Sex (Interlude) MadeinParis
22%
No Type Rae Sremmurd
22%
Calm Down Rema
22%
Elle t'a tué Alonzo
17%
très tard le soir (ft.Josman) Benjamin Epps
17%
Si j'étais un homme Chilla
17%
Stars (ft.Laylow) Doums
17%
H H.LA DROGUE
17%
Dilemme Lous And The Yakuza
17%
Minimum Maka
17%
Hitman Go Makala
17%
Mouse Party Mehdi Maïzi
17%
FreakyT TiaCorine
17%
NUBIAN FARLOW Varnish La Piscine
17%
Pas lâcher (ft. Kosei, La Fève) 1863
11%
SWAG 8ruki
11%
Invisibilidad Aron
11%
HORIZON 25 B.B. Jacques
11%
Only You Freestyle (with Drake) Headie One
11%
Joe Da Zin Jwles & Mad Rey
11%
Les glaçons (ft. Yelle) Kalika
11%
TACOS Le Juiice
11%
DARK VADOR 2 Lord Gasmique
11%
NOCTUZOOK (ft. Vacra) rad cartier
11%
HEB (ft.Asdek & Low) STO
11%
HNINA (ft.HOUDI & Ghost Killer Track) Stony Stone
11%
ANOTHER KID thaHomey
11%
DANS L'TRAP AAMO
6%
ULTRAVIOLENCE AnNie .Adaa
6%
Élastiqué (ft. Hamza) HD La Relève
6%
Paro Nej
6%
Secte part.3 (ft.Osirus Jack) Norsacce
6%
Devil May Cry (ft.Alpha Wann) Rowjay
6%
Train Fantôme Train Fantôme
6%
Slowdown (girl what's up) YellowStraps
6%
Bougies (ft.Limsa d'Aulnay) Absolem
0%
Guasto D'Amore (ft.SHUNE) Bresh
0%
Plan D Don Fuego
0%
R.A.G.E Evil Grimace & Von Brikräv
0%
Roma Glints
0%
Oh ma belle joysad
0%
Toutes les femmes savent danser Loud
0%
finalement riche Théodore
0%
Microdosing UNIIQU3
0%
FUCKED UP (ft. Luv Resval) Waxx & C.Cole
0%
Aucun quiz correspondant
Distribution des résultats
% des personnes avec chaque résultat
Percentile par nombre de réponses
Votre historique - résultats
Vous n’avez pas pris ce quiz